000 005850000a22001930004500
001 26642
010 _a989-618-018-0
090 _a26642
100 _a20080523d2005 m y0pory5003 ba
101 0 _apor
102 _aPT
200 1 _aOs dez mandamentos dos contos
_fMaria Teresa Meireles, Ana Maria Freitas
210 _aLisboa
_cApenas
_d2005
215 _a92, [1] p.
675 _a821.134.3-34.09
_vBN
_zpor
700 1 _aMeireles
_bMaria Teresa
701 1 _920819
_4070
_aFreitas
_bAna Maria
942 _cMON
_n0
999 _a26642
_bBibliobase - BMTAV
_c2019-01-21